000 03086nam0a2200469 4500
001 RU\NLR\BIBL_A\011990304
005 20250809113133.0
020 _aRU
_9Ленинград в Великой Отечественной войне. Коллекция. Афиши
035 _a(NLR Aleph) 011990304
090 _a11398
_c11398
100 _a20190416d1944 u y0rusy50 ca
101 0 _arus
102 _aRU
105 _ay z 000zy
135 _acrcn 024anaba
200 1 _aМай 1944 г. [Репертуар
_eафиша]
_fУправление по делам искусств Исполкома Ленгорсовета, Зал камерных концертов
210 _a[Ленинград]
_cЛТ УН-9
_d1944
215 _a1 л.
_d50х39
300 _aНачало спектаклей и концертов в 19 ч. Билеты продаются ежедневно в кассе зала от 11 до 19 час.
300 _aЗак. 1172
325 _aКопия доступна в Электрон. б-ке РНБ
327 _a16, вторник. Анна Каренина: композиция по роману Льва Толстого в 3-х действ., 10 картинах Н.М. Железновой. Постановка засл. арт. РСФСР Е.П. Студенцова. В главных ролях: Н.М. Железнова, Г.К. Кузнецов, И.П. Новский; 17, среда. 1. Виц-мундир. II. Дядюшка на трех ногах: водевили П.А. Каратыгина. Участвуют: Е.Г. Гаршина, А.К. де-Лазари, А.А. Виноградов [и др.]; 19, пятница. Анна Каренина; 20, суббота. Анна Каренина; 21, воскресенье. 1. Виц-мундир. II. Дядюшка на трех ногах
606 1 _aТеатральная жизнь
_yЛенинград, город
_z1941 - 1944
_jАфиши
_2nlr_sh2
_3RU\NLR\AUTH\6601649837
686 _aЩ333(2Р=Рус)7-692Ленинград
710 0 2 _aЗал камерных концертов
_cЛенинград
_3RU\NLR\AUTH\880495405
852 _aNLR
_jЛ3-330а/12/2/1944-май а (2)
856 0 _uhttp://vivaldi.nlr.ru/la700000398/view
856 1 _uhttp://vivaldi.nlr.ru/la700000398/cover
856 2 _uhttp://vivaldi.nlr.ru/la700000398/text
942 _cVISUAL
945 _aРоссийская национальная библиотека
980 _aNB
980 _aBV
980 3 _akplen
980 3 _akp
981 3 7 _a(37) Ленинград в Великой Отечественной войне
_b(37) Афиши блокадного Ленинграда